| 000 | 00698nam a22001577a 4500 | ||
|---|---|---|---|
| 020 | _a978-93-81576-04-5 | ||
| 082 |
_a823 _bNEE/R |
||
| 100 | _aNEELAKANTAN, ANAND | ||
| 245 |
_aAJAYA RISE OF KALI _bDURYODHANA'S MAHABHARATA |
||
| 246 | _aEPIC OF THE KAURAVA CLAN BOOK 2 | ||
| 260 |
_aMUMBAI _bPLATINUM PRESS _c2015 |
||
| 300 | _a529 | ||
| 520 | _aAs the Pandavas stake their claim to the Hastinapura throne, the Kaurava Crown Prince, Suyodhana, rises to challenge Krishna. As great minds debate dharma and adharma, power hungry men prepare for an apocalyptic war. The women, highborn and humble, helplessly watch the unfolding disaster with deep foreboding. | ||
| 650 |
_aNOVEL _zINDIA |
||
| 942 | _cBK | ||
| 999 |
_c3589 _d3589 |
||